| 000 | 00349nam a2200133Ia 4500 | ||
|---|---|---|---|
| 008 | 210430s9999 xx 000 0 und d | ||
| 020 | _a978-81-8487-048-0 | ||
| 082 | _a543.0858 C426 M | ||
| 100 |
_aSuresh Chandra _910543 |
||
| 245 |
_aMolecular Spectoscopy _cSuresh Chandra |
||
| 260 |
_aIndia _bNarosa _c2009 |
||
| 300 | _a262p | ||
| 942 |
_cBK _2ddc |
||
| 999 |
_c564748 _d564748 |
||